UNESCO Sites - Statistics

General Stats
  • This quiz has been taken 223 times
  • The average score is 16 of 75
Answer Stats
Hint Answer % Correct
China Great Wall
70%
Egypt Pyramids and Sphinx
62%
Peru Machu Picchu
60%
Jordan Petra
60%
Israel Old City of Jerusalem
58%
Cambodia Angkor Wat
57%
India Taj Mahal
56%
Australia (Water) Great Barrier Reef
48%
United Kingdom Stonehenge
48%
Australia (Land) Uluru
48%
(Country Within Italy) Vatican City
48%
Czech Republic Prague
43%
US (Arizona) Grand Canyon National Park
41%
Italy Rome
40%
Greece Acropolis & Athens
39%
US (New York) Statue of Liberty
39%
Italy Venice
39%
Mali Timbuktu
34%
Austria Vienna
34%
Mexico Chichen Itza
32%
France Versailles
30%
Zambia/Zimbabwe Victoria Falls
30%
Spain (Barcelona) Works of Antoni Gaudi
29%
Ecuador Galapagos Islands
26%
Hungary Budapest
25%
Tanzania Kilimanjaro
25%
Croatia Dubrovnik
24%
China Forbidden City
24%
Turkey Istanbul
24%
US (Florida) Everglades National Park
21%
US (California) Yosemite National Park
21%
Guatemala Tikal
20%
Chile Easter Island
19%
Nepal Kathmandu
19%
Tanzania Serengeti National Park
18%
Russia St. Petersburg
18%
Spain Alhambra
16%
Germany Cologne Cathedral
15%
Iran Persepolis
15%
Egypt Abu Simbel
14%
Peru Cuzco
14%
United Kingdom Tower of London
13%
Norway Fjords
12%
Brazil/Argentina Iguacu
10%
Morocco City of Rabat
9%
Brussels Grand Place
8%
Mexico Mexico City
8%
Syria Palmyra
8%
Palestine Bethlehem
7%
Laos Luang Prabang
7%
Brazil Rio de Janeiro
7%
China (Xi'an) Terracotta Warriors
7%
Italy Dolomites
6%
France Avignon
5%
Palau Rock Islands Southern Lagoon
5%
Lebanon Baalbek City and District
4%
Spain Cordoba
4%
Tanzania Ngorongoro Conservation Area
4%
Italy Siena
4%
Portugal Sintra
4%
France Carcassonne
3%
Italy Cinque Terre
3%
Indonesia Prambanan Temples
3%
Netherlands Canal Ring
2%
United Kingdom Canterbury Cathedral
1%
Sweden Drottingholm Theatre, Palace and Chinese Pavilion
1%
Australia Greater Blue Mountains
1%
Italy San Gimignano
1%
United Kingdom Westminster Palace
1%
Peru Geoglyphs
0%
Czech Republic Historic Center of Cesky Krumlov
0%
Australia Lord Howe Island
0%
Austria Palace and Gardens of Schonbrunn
0%
Germany Rhine Valley
0%
China Wudang Mountains
0%
No matching quizzes found
Score Distribution
Percent of People with Each Score
Percentile by Number Answered
Your Score History
You have not taken this quiz